Falstaff : chimes at midnight /
Orson Welles' adaptation of the Falstaff story, taken from the Shakespeare plays and Holinshed's chronicles. Sir John Falstaff is the hero in this compilation of extracts from Shakespeare's 'Henry IV' and other plays, made into a connected story of Falstaff's career as...
| Uniform Title: | Campanadas a medianoche. |
|---|---|
| Corporate Authors: | , |
| Other Authors: | , , , , , , , , , , , , , , |
| Format: | Video DVD |
| Language: | Spanish English |
| Language Notes: | Castilian and English soundtracks with optional subtitles in Castilian and English. |
| Published: |
Madrid :
Suevia Films,
[between 2000 and 2009?]
|
| Subjects: |
MARC
| Tag | First Indicator | Second Indicator | Subfields |
|---|---|---|---|
| LEADER | 00000cgm a2200000Ia 4500 | ||
| 001 | in00002192829 | ||
| 005 | 20201219063023.0 | ||
| 007 | vd bvaizq | ||
| 008 | 050812p200u1965sp 111 vlspa d | ||
| 024 | 3 | |a 8431797100192 | |
| 028 | 4 | 2 | |a MND1013 |b Suevia Films |
| 035 | |a (OCoLC)ocn170933635 | ||
| 035 | |a (OCoLC)170933635 | ||
| 040 | |a TXA |c TXA |d UtOrBLW | ||
| 041 | 1 | |a spa |a eng |h spa | |
| 049 | |a TXAM | ||
| 090 | |a PN1995.9.F67 |b C358 2000z | ||
| 130 | 0 | |a Campanadas a medianoche. | |
| 245 | 1 | 0 | |a Falstaff : |b chimes at midnight / |c Harry Saltzman presents ; produced by Emiliano Piedra and Angel Escolano for Internacional Films Espanola ; directed by Orson Welles. |
| 246 | 3 | 0 | |a Chimes at midnight |
| 246 | 1 | |i Parallel title on disc surface: |a Campanadas a medianoche | |
| 264 | 1 | |a Madrid : |b Suevia Films, |c [between 2000 and 2009?] | |
| 300 | |a 1 videodisc (111 min.) : |b sound, black and white ; |c 4 3/4 in. | ||
| 336 | |a two-dimensional moving image |b tdi |2 rdacontent | ||
| 337 | |a video |b v |2 rdamedia | ||
| 338 | |a videodisc |b vd |2 rdacarrier | ||
| 538 | |a DVD; regions 1-6; PAL player required; Dolby digital; stereo. | ||
| 546 | |a Castilian and English soundtracks with optional subtitles in Castilian and English. | ||
| 511 | 1 | |a Orson Welles, Jeanne Moreau, Margaret Rutherford, John Gielgud, Keith Baxter, Norman Rodway, Marina Vlady, Walter Chiari, Michael Aldridge, Julio Peña, Tony Beckley, Jeremy Rowe, Alan Webb. | |
| 511 | 0 | |a Narrator, Ralph Richardson. | |
| 508 | |a Photography, Edmond Richard ; music, Alberto Lavagnino ; editing, Fritz Mueller. | ||
| 500 | |a Originally produced as a motion picture in 1965. | ||
| 500 | |a "A Spanish-Swiss co-production." | ||
| 500 | |a Full screen presentation. | ||
| 500 | |a Duration stated on container: approximately 105 min. | ||
| 520 | |a Orson Welles' adaptation of the Falstaff story, taken from the Shakespeare plays and Holinshed's chronicles. Sir John Falstaff is the hero in this compilation of extracts from Shakespeare's 'Henry IV' and other plays, made into a connected story of Falstaff's career as young Prince Hal's drinking companion. The massive knight roisters with and without the prince, philosophizes comically, goes to war (in his own fashion), and meets his final disappointment, set in a real-looking late-medieval England. | ||
| 500 | |a Special features include: Sinopsis; Ficha Técnica; Ficha Artística; Orson Welles; John Gielgud; Entrevistas; Fotos de Rodaje. | ||
| 500 | |a "M. de Cultura number 63.863"--DVD container. | ||
| 500 | |a Videorecording. | ||
| 650 | 0 | |a Falstaff, John, Sir (Fictitious character) |v Drama. | |
| 655 | 7 | |a Feature films. |2 lcgft | |
| 655 | 0 | |a Motion pictures, Spanish. | |
| 655 | 0 | |a Motion pictures, Swiss. | |
| 700 | 1 | |a Welles, Orson, |d 1915-1985. | |
| 700 | 1 | |a Piedra, Emiliano. | |
| 700 | 1 | |a Escolano, Ángel. | |
| 700 | 1 | |a Saltzman, Harry, |d 1915-1994. | |
| 700 | 1 | |a Baxter, Keith, |d 1933- | |
| 700 | 1 | |a Gielgud, John, |d 1904-2000. | |
| 700 | 1 | |a Moreau, Jeanne, |d 1928-2017. | |
| 700 | 1 | |a Rutherford, Margaret, |d 1892-1972. | |
| 700 | 1 | |a Rodway, Norman, |d 1929-2001. | |
| 700 | 1 | |a Vlady, Marina, |d 1938- | |
| 700 | 1 | |a Peña, Julio, |d 1912-1972. | |
| 700 | 1 | |a Beckley, Tony, |d 1928-1980. | |
| 700 | 1 | |a Richardson, Ralph, |c Sir, |d 1902-1983. | |
| 700 | 1 | |a Shakespeare, William, |d 1564-1616. | |
| 700 | 1 | |a Holinshed, Raphael, |d approximately 1525-1580? |t Chronicles of England, Scotlande, and Irelande. | |
| 710 | 2 | |a Internacional Films Española. | |
| 710 | 2 | |a Suevia Films. | |
| 994 | |a C0 |b TXA | ||
| 948 | |a cataloged |b h |c 2007/9/11 |d o |e jho |f 3:43:01 pm | ||
| 999 | |a MARS | ||
| 999 | f | f | |s 16ef61b4-c7ff-3208-a924-bfdf24bcb643 |i 6633cc2f-c92b-368d-a2db-0447dccab6e7 |t 0 |
| 952 | f | f | |p dvd |a Texas A&M University |b College Station |c Sterling C. Evans Library |d Evans: Media and Reserves (Annex 1st floor) |t 0 |e PN1995.9.F67 C358 2000z |h Library of Congress classification |i video -- videodisc |m A14828159202 |
| 998 | f | f | |a PN1995.9.F67 C358 2000z |t 0 |l Evans: Media and Reserves (Annex 1st floor) |